Η φυσικοχημική σύνθεσις και δομή των ατόμων της ύλης και η ποινική ευθύνη

Saved in:
Bibliographic Details
Main Author: Τράμπος, Γεώργιος Ι.
Other Authors: Δοντάς, Σπυρίδων Α. (aui [Συγγραφέας προλόγου])
Format: Book
Language:Greek
Published: [Αθήνα] : [χ.ό], 1943
Subjects:
Tags: Add Tag
No Tags, Be the first to tag this record!

MARC

LEADER 00000cam a2200000 a 4500
001 1/107533
008 150717s1943####gr | ||| |||| ||gre||
040 |a GR-MyUa  |b gre  |c GR-MyUa  |e AACR2 
041 0 |a gre 
082 7 |a 340.12   |2 (23) 
100 1 |a Τράμπος, Γεώργιος Ι. 
245 1 1 |a Η φυσικοχημική σύνθεσις και δομή των ατόμων της ύλης και η ποινική ευθύνη /   |c Γεωργίου Ιωάν. Τράμπου ; Σπυριδ. Α. Δοντά. 
260 |a [Αθήνα] :   |b [χ.ό],   |c 1943 
300 |a 54 σ. ;   |c 24 εκ.  
650 0 |a Law. 
650 0 |a Atoms  |x Law and legislation. 
700 1 |a Δοντάς, Σπυρίδων Α.  |e aui [Συγγραφέας προλόγου] 
852 |a INST  |b SAMOS  |c MAG  |e 20150717  |h 340.12 ΤΡΑ  |p 005300034593  |q 005300034593  |t BK  |y 0 
970 |a Σιτζίμη  |b Γιασεμή  |z 17/07/2015